00783nam a2200169 a 450000100060000000300090000600800410001504000280005608200160008410000370010024500380013726000430017530000080021850503060022665000400053265000410057222655CO-ViMGA141112s2004 ck r 000 u spa d aCO-ViMGAbspacCO-ViMGA04a332.9 V351e1 aVelásquez posada, Luis Gonzalo10aElementos de seguridad documental aMedellin : bSeñal Editorial, c2005 a283 aLa cedula de ciudadania colombiana : evolucion, formatos utilizados y sus caracteristicas, verificacion de su autencidad 19 - 91 - - El papel monedad colombiano : denominaciones, prevencion y diagnostico de su falsificacion 97 - 147 - - Falsificacion mas frecuentes del dolar Américano : 149 - 151 14aFALSIFICACION DE DOCUMENTOS LEGALES14aFALSIFICACION DE MONEDAS COLOMBIANAS